| 000 | 01011nam a2200229 i 4500 | ||
|---|---|---|---|
| 001 | 154465 | ||
| 003 | ES-MaACL | ||
| 005 | 20240203062549.0 | ||
| 008 | 961110s1897 sp |||| | spa d | ||
| 040 |
_aCLM _bspa _cCCPB | SIC |
||
| 100 | 1 |
_aGómez Pamo, J. R. ( _d1846-1913) _958098 |
|
| 245 | 1 | 0 |
_aDiscurso leido en la Universidad Central en la solemne inauguración del curso académico de 1897 á 1898 / _cpor Juan Ramón Gómez Pamo. |
| 260 |
_aMadrid : _b[s.n.], _c1897 ( _fImprenta colonial) |
||
| 300 |
_a88 p. ; _c27 cm. |
||
| 500 | _aTema del discurso: Estudio histórico crítico de las clasificaciones botánicas. | ||
| 530 | _aDisponible en formato digital. | ||
| 650 | 4 |
_aPlantas- _xClasificación. _9136713 |
|
| 710 | 2 | 0 |
_aUniversidad Central (Madrid) _97084 |
| 852 |
_aES-MaACL _jT-956-F-4 _z-- Enc. hol., conservando cub. original _z-- Enc. en un vol. facticio |
||
| 856 |
_uhttp://bdh-rd.bne.es/viewer.vm?id=0000041455&page=1 _zBiblioteca Digital Hispánica |
||
| 999 |
_c154465 _d154465 |
||